000 00538nam a22001097a 4500
999 _c2840
_d2840
008 181119b ||||| |||| 00| 0 eng d
100 _aDingler, James
245 _aMute cancellations of the Brazil Empire 1865-1889 = Carimbos mudos do Brasil Imperio 1865-1889
260 _aPalo Alto? CA
_bBrazil Philatelic Association
_c2000
650 _aBrazil | Postal Markings | Mute Cancels | 1865-1889 | 19th Century | Postal History | Post Offices | Postal Agencies | Postal Service | Concordances | Catalogs and Price Lists
700 _aLopes, Klerman